Singapore Changi Airport Destinations - Statistics

General Stats
  • This quiz has been taken 250 times
    232 since last reset
  • The average score is 89 of 176
Answer Stats
Airline(s) City % Correct
Siam Air, Scoot, Thai AirAsia, Thai Lion Air Bangkok - Don Mueang
92%
Bangkok Airways, Cathay Pacific, Jetstar Asia Airways, Singapore Airlines, Thai Airways, Tigerair, Asiana Cargo, Cathay Pacific Cargo, China Airlines Cargo, China Cargo Airlines, EVA Air Cargo, K-Mile Air, Nippon Cargo Airlines, Singapore Airlines Cargo Bangkok - Suvarnabhumi
92%
Emirates SkyCargo Dubai - Al Maktoum
92%
Emirates, Singapore Airlines Dubai - International
92%
My Indo Airlines Jakarta - Halim Perdanakusuma
92%
Batik Air, Garuda Indonesia, Indonesia AirAsia, Jetstar Asia Airways, Lion Air, Singapore Airlines, Tigerair, Cardig Air, FedEx Express, Garuda Indonesia Cargo, Singapore Airlines Cargo, Tri-MG Intra Asia Airlines Jakarta - Soekarno Hatta
92%
British Airways, Qantas, Scoot, Singapore Airlines, Emirates SkyCargo, Etihad Cargo, Singapore Airlines Cargo, UPS Airlines Sydney
90%
All Nippon Airways, Japan Airlines, Singapore Airlines Tokyo - Haneda
90%
All Nippon Airways, Delta Air Lines, Japan Airlines, Scoot, Singapore Airlines, FedEx Express, Nippon Cargo Airlines Tokyo - Narita
90%
Air China, Singapore Airlines Beijing
89%
Cathay Pacific, Jetstar Asia Airways, Scoot, Singapore Airlines, Tigerair, AirBridgeCargo, Air Hong Kong, ANA Cargo, Cargolux, Cathay Pacific Cargo, Polar Air Cargo, Hong Kong Airlines, Singapore Airlines Cargo, UPS Airlines Hong Kong
89%
Norwegian Air UK London - Gatwick
88%
British Airways, Garuda Indonesia, Singapore Airlines, Singapore Airlines Cargo London - Heathrow
88%
Cebu Pacific, Jetstar Asia Airways, Philippine Airlines, Singapore Airlines, Tigerair, China Airlines Cargo Manila
88%
Air France, Singapore Airlines Paris
88%
Etihad Airways, Etihad Cargo Abu Dhabi
87%
AirAsia, Ethiopian Airlines, Jetstar Asia Airways, Malaysia Airlines, Malindo Air, Saudia, SilkAir, Singapore Airlines, Tigerair, Uzbekistan Airways, Cargolux, Neptune Air, Silk Way Airlines, Transmile Air Services Kuala Lumpur - International
87%
Firefly Kuala Lumpur - Subang
87%
China Eastern Airlines, Singapore Airlines, Spring Airlines, ASL Airlines Belgium, China Cargo Airlines, FedEx Express Shanghai - Pudong
87%
Air New Zealand, Singapore Airlines, Singapore Airlines Cargo Auckland
86%
Air India, Jet Airways, Singapore Airlines Delhi
86%
Jetstar Airways, Jetstar Asia Airways, Qantas, Scoot, Singapore Airlines Perth
86%
Ethiopian Airlines Addis Ababa
84%
Air India, Jet Airways, Singapore Airlines, Singapore Airlines Cargo Mumbai
84%
Qatar Airways, Cargolux Doha
83%
SilkAir, Singapore Airlines, Tigerair, VietJet Air, Vietnam Airlines, Asiana Cargo, Cathay Pacific Cargo, Korean Air Cargo, Singapore Airlines Cargo Hanoi
83%
Emirates, Jetstar Airways, Qantas, Scoot, Singapore Airlines, Emirates SkyCargo, Singapore Airlines Cargo Melbourne
83%
Asiana Airlines, Korean Air, Scoot, Singapore Airlines, Asiana Cargo, Polar Air Cargo, Korean Air Cargo Seoul - Incheon
83%
Singapore Airlines New York - JFK
82%
Jetstar Asia Airways, Scoot, Singapore Airlines, FedEx Express, Nippon Cargo Airlines Osaka
82%
Garuda Indonesia, KLM, Singapore Airlines, Singapore Airlines Cargo Amsterdam
81%
Singapore Airlines, Turkish Airlines, Turkish Airlines Cargo Istanbul - Ataturk
81%
Lufthansa, Singapore Airlines Frankfurt
80%
Finnair Helsinki
80%
Singapore Airlines, United Airlines, Singapore Airlines Cargo Los Angeles
80%
Singapore Airlines, United Airlines San Francisco
80%
China Airlines, EVA Air, Jetstar Asia Airways, Scoot, Singapore Airlines, Tigerair, China Airlines Cargo, EVA Air Cargo, FedEx Express, UPS Airlines Taipei - Taoyuan
80%
Emirates, Qantas, Singapore Airlines, Etihad Cargo Brisbane
77%
Cebu Pacific, Philippine Airlines, Philippines AirAsia, SilkAir, Tigerair Cebu
76%
Biman Bangladesh Airlines, Regent Airways, Singapore Airlines, Tigerair, US-Bangla Airlines Dhaka
76%
Singapore Airlines Moscow - Domodedovo
76%
AirBridgeCargo Moscow - Sheremetyevo
76%
Singapore Airlines, Lufthansa Munich
76%
Singapore Airlines, Swiss International Air Lines Zurich
75%
China Southern Airlines, Scoot, Shenzhen Airlines, Singapore Airlines, Tigerair, FedEx Express Guangzhou
74%
Singapore Airlines Rome
74%
SilkAir, XiamenAir Xiamen
73%
Jetstar Asia Airways, SilkAir, Thai AirAsia, Tigerair Phuket
72%
Singapore Airlines, Singapore Airlines Cargo Adelaide
71%
Air India, Air India Express, IndiGo, Jet Airways, Scoot, SilkAir, Singapore Airlines, Singapore Airlines Cargo Chennai
71%
Jetstar Asia Airways, Jetstar Pacific Airlines, Singapore Airlines, Tigerair, VietJet Air, Vietnam Airlines, Cargolux, FedEx Express Ho Chi Minh City
71%
Saudia Riyadh
71%
Saudia, Scoot Jeddah
70%
Singapore Airlines Milan
69%
Singapore Airlines Christchurch
66%
Emirates, SilkAir, Singapore Airlines, SriLankan Airlines Colombo
66%
Garuda Indonesia, Indonesia AirAsia, Jetstar Airways, Jetstar Asia Airways, KLM, SilkAir, Singapore Airlines, Tigerair, Garuda Indonesia Cargo Denpasar
66%
Shenzhen Airlines, SilkAir, Tigerair, UPS Airlines Shenzhen
65%
Air China, Sichuan Airlines, SilkAir, China Cargo Airlines Chengdu
64%
Singapore Airlines, Singapore Airlines Cargo Johannesburg
64%
Singapore Airlines Stockholm
64%
Singapore Airlines Wellington
64%
Scoot Athens
63%
Air India Express, Druk Air, SilkAir, Singapore Airlines Kolkata
63%
Singapore Airlines Nagoya
63%
IndiGo, Jet Airways, SilkAir, Singapore Airlines, Tigerair, AeroLogic, Singapore Airlines Cargo Bangalore
62%
Scoot, Singapore Airlines Sapporo
62%
Delta Air Lines Seattle
62%
Tigerair, XiamenAir Xian
61%
Jetstar Asia Airways, SilkAir Darwin
60%
Singapore Airlines Barcelona
59%
Jetstar Asia Airways, Myanmar Airways International, Myanmar National Airlines, Singapore Airlines, Tigerair Yangon
59%
Singapore Airlines Cargo Brussels
57%
SilkAir, West Air Chongqing
57%
Garuda Indonesia, SilkAir, Singapore Airlines, Tigerair, Garuda Indonesia Cargo, My Indo Airlines Surabaya
57%
Cargolux, Singapore Airlines Cargo Chicago - O'Hare
56%
Singapore Airlines, Singapore Airlines Cargo Copenhagen
56%
Jetstar Asia Airways, SilkAir, AirBridgeCargo Phnom Penh
56%
Singapore Airlines Canberra
55%
Singapore Airlines Cape Town
55%
SilkAir, Tigerair Hyderabad
55%
Singapore Airlines Manchester
55%
Royal Brunei Airlines, SilkAir, Singapore Airlines Bandar Seri Begawan
54%
Singapore Airlines Houston
54%
AirAsia, Jetstar Asia Airways, Malindo Air, SilkAir, Tigerair, Asiana Cargo, Cathay Pacific Cargo, China Airlines Cargo, EVA Air Cargo, FedEx Express, Korean Air Cargo Penang
54%
SilkAir Wuhan
54%
SilkAir, Singapore Airlines, Tigerair Male
52%
Garuda Indonesia, Jetstar Asia Airways, SilkAir, Garuda Indonesia Cargo, Singapore Airlines Cargo Medan
52%
Lao Airlines, SilkAir Vientiane
52%
SilkAir Kathmandu
51%
Uzbekistan Airways Tashkent
51%
SilkAir, Tigerair Chiang Mai
50%
China Eastern Airlines, Scoot, Singapore Airlines Cargo Nanjing
50%
Air Niugini Port Moresby
49%
Scoot, XiamenAir Tianjin
49%
Singapore Airlines Fukuoka
48%
Scoot, XiamenAir, China Eastern Airlines Hangzhou
48%
Tigerair Macau
48%
Fiji Airways Nadi
48%
Singapore Airlines Ahmedabad
47%
SilkAir Cairns
46%
Singapore Airlines Cargo Dallas/Fort Worth
46%
Turkish Airlines Cargo Karachi
46%
Indonesia AirAsia, SilkAir Bandung
45%
Scoot Gold Coast
45%
SilkAir, XiamenAir Fuzhou
43%
China Eastern Airlines, SilkAir Kunming
43%
Air Mauritius Mauritius
42%
Jetstar Asia Airways, SilkAir Da Nang
40%
Cebu Pacific, SilkAir Davao
40%
AirAsia, SilkAir Kota Kinabalu
39%
SilkAir Dili
38%
SilkAir Hiroshima
38%
West Air Urumqi
38%
Singapore Airlines Cargo Nairobi
37%
Cargolux Luxembourg
36%
Singapore Airlines Dusseldorf
35%
China Airlines, Scoot Kaohsiung
35%
Scoot Qingdao
34%
Cargolux, Polar Air Cargo, FedEx Express Anchorage
33%
SilkAir Changsha
33%
SilkAir Naha
33%
Tigerair Nanning
33%
Jetstar Asia Airways, SilkAir Siem Reap
33%
Scoot, XiamenAir Dalian
32%
AirAsia, Malaysia Airlines, Scoot Kuching
32%
SilkAir Mandalay
32%
China Eastern Airlines, China Southern Airlines, Scoot Shenyang
32%
Tigerair, XiamenAir Zhengzhou
32%
Cargolux, Silk Way Airlines Baku
31%
Thai AirAsia, Tigerair Krabi
31%
Indonesia AirAsia, SilkAir Yogyakarta
31%
Jetstar Asia Airways, Tigerair Haikou
30%
SilkAir Makassar
29%
Druk Air Paro
29%
AirAsia, SilkAir, Tigerair Langkawi
27%
SilkAir, Lao Airlines Luang Prabang
27%
Cebu Pacific, Tigerair Clark
26%
Bangkok Airways, SilkAir Koh Samui
25%
SilkAir, Tigerair Kochi
24%
Tigerair Jaipur
21%
Tigerair Lucknow
21%
Jetstar Asia Airways, Scoot Palembang
21%
Cebu Pacific Iloilo
20%
Indonesia AirAsia, SilkAir Semarang
20%
Tigerair Wuxi
20%
Firefly, Tigerair Ipoh
19%
Tigerair Jinan
19%
China Eastern Airlines Lanzhou
18%
AirAsia, Malaysia Airlines Miri
18%
Jetstar Asia Airways Sanya
18%
Scoot Amritsar
17%
ASL Airlines Belgium Liege
17%
FedEx Express Memphis
17%
Tigerair, China Eastern Airlines Quanzhou
17%
China Eastern Airlines Changchun
15%
SilkAir Lombok
15%
Tigerair Ningbo
15%
ANA Cargo Okinawa
15%
Jetstar Asia Airways Shantou
15%
SilkAir, Cardig Air, My Indo Airlines, Tri-MG Intra Asia Airlines Balikpapan
13%
Jetstar Asia Airways Guiyang
13%
SilkAir, Tigerair Kalibo
13%
SilkAir Manado
13%
SilkAir, Singapore Airlines Cargo Coimbatore
12%
Tigerair, Jetstar Asia Airways Hat Yai
12%
Singapore Airlines Cargo Sharjah
12%
Air China Yinchuan
12%
Firefly Kuantan
11%
Jetstar Asia Airways, SilkAir Pekanbaru
11%
AeroLogic Leipzig/Halle
9%
SilkAir Thiruvananthapuram
7%
Transmile Air Services Labuan
3%
Air India Express, Tigerair Tiruchirappalli
3%
SilkAir Visakhapatnam
3%
Polar Air Cargo Cincinnati
1%
No matching quizzes found
Score Distribution
Percent of People with Each Score
Percentile by Number Answered
Your Score History
You have not taken this quiz since the last reset